000 00933nam a22002297a 4500
008 080908t xxu||||| |||| 00| 0 eng d
010 _aENG-90967
020 _a8183241948
_c350.00
035 _aEN-74500
037 _bDBAD /PUB
040 _aDPL
_bEnglish
082 _a305.891495
100 _aRana, Sanjay
245 _aThe Gurkhas:
_bsettlement and society with reference to Shillong (1867-1969) /
_cby Sanjay Rana
260 _aNew Delhi
_bMittal Publications
_c2008
300 _ax, 131p.:
_bill.
_c23 cm (Hb)
500 _aIncludes bibliographical references and index
650 _aGurkhas
_xSocial conditions
_zIndia (Shillong)
651 _aShillong (India)
_xSocial conditions
942 _2ddc
_cEN
_mRAN
_h305.891495
999 _c15378
_d15378